000 01005naa a22002657a 4500
001 BR8006001
003 BR-BrBNA
005 20250716093634.0
007 ta
008 250630b bl.|||m| |||| 00| 0 por d
040 _aBR-BrBNA
_bpor
_cBiblioteca Nacional de Agricultura
041 _a(Pt)
072 _aA50; E30
_b/G514
090 _aA50 BR8006001
100 1 _aAlves, E.R. de A.
245 1 _aO processo de geracao de conhecimentos [pesquisa agricola, instituicao de pesquisa, Brasil]
500 _aColetanea de trabalhos sobre a EMBRAPA Brasilia, DF (Brasil): 1980. p. 37-44 (BR8006001-AMS)
773 0 _tColetanea de trabalhos sobre a EMBRAPA
_wA50 BR8006001
_gBrasilia, DF (Brasil), 1980. p. 37-44
650 _aPESQUISA
650 _aDESENVOLVIMENTO AGRICOLA
650 _aASSISTENCIA TECNICA
490 _aDocumentos - Empresa Brasileira de Pesquisa Agropecuaria. Depto. de Informacao e Documentacao (Brazil)
_vno. 1
942 _cAMS
_2AGRIS
909 _a202506
_bLúcia
_c55
_dLúcia Elande
999 _c333581
_d333581